Rural nursing : (Record no. 14523)

000 -LEADER
fixed length control field 00661nam a22001937a 4500
008 - FIXED-LENGTH DATA ELEMENTS--GENERAL INFORMATION
fixed length control field 161003b xxu||||| |||| 00| 0 eng d
020 ## - INTERNATIONAL STANDARD BOOK NUMBER
International Standard Book Number 9780826104564
020 ## - INTERNATIONAL STANDARD BOOK NUMBER
International Standard Book Number 9780826104571
050 ## - LIBRARY OF CONGRESS CALL NUMBER
Classification number RT 120
Item number .R87C66 2010
100 ## - MAIN ENTRY--PERSONAL NAME
Personal name Winters, Charlene A.
245 ## - TITLE STATEMENT
Title Rural nursing :
Remainder of title concepts, theory, and practice/
Statement of responsibility, etc. Charlene A. Winters and Helen J. Lee.
250 ## - EDITION STATEMENT
Edition statement 3rd ed.
260 ## - PUBLICATION, DISTRIBUTION, ETC. (IMPRINT)
Place of publication, distribution, etc. New York :
Name of publisher, distributor, etc. Springer Publishing Company,
Date of publication, distribution, etc. 2010.
300 ## - PHYSICAL DESCRIPTION
Extent xxiii, 478p. :
Other physical details ill. ;
Dimensions 23cm.
500 ## - GENERAL NOTE
General note Includes bibliography and index.
650 ## - SUBJECT ADDED ENTRY--TOPICAL TERM
Topical term or geographic name as entry element Rural nursing.
700 ## - ADDED ENTRY--PERSONAL NAME
Personal name Lee, Helen J.
942 ## - ADDED ENTRY ELEMENTS (KOHA)
Source of classification or shelving scheme
Koha item type Hard Covered Materials
Classification part RT 120 .R87C66 2010
Holdings
Withdrawn status Lost status Source of classification or shelving scheme Damaged status Not for loan Home library Current library Shelving location Date acquired Source of acquisition Total Checkouts Full call number Barcode Date last seen Price effective from Koha item type
          MACHAKOS UNIVERSITY LIBRARY MACHAKOS UNIVERSITY LIBRARY Open shelf 03/10/2016 Donation(BFA)   RT 120 .R87C66 2010 26638 10/06/2019 03/10/2016 Hard Covered Materials
© Machakos University Library, Along The Highway, Machakos Wote Rd, Machakos, Kenya P.O. Box 136 - 90100 Machakos - Kenya

Tel: ( +254 ) 723 805829 OR Fax : 044-20353 OR Email: library@mksu.ac.ke